[Event "AUTO-INT-3167"]
[Site "http://www.queenalice.com/game.php?id=1437885"]
[Date "2016.8.26"]
[Round "1"]
[White "lanzafamefilippo83"]
[Black "Quiaseze"]
[Result "0-1"]
[WhiteElo "1402"]
[BlackElo "1668"]

1. e4 e5 2. Nc3 Bc5 3. Na4 Bxf2+ 4. Kxf2 Qh4+ 5. g3 Qxe4 6. Nf3 Qxa4 7. b3 Qc6
8. Rg1 d6 9. Bg2 Bg4 10. h3 Bf5 11. Nh4 Qc5+ 12. d4 exd4 13. Nxf5 Qxf5+ 14. Bf4
Nc6 15. Re1+ Nge7 16. Qf3 O-O 17. b4 b5 18. Kg1 Rfe8 19. g4 Qxc2 20. Re2 Qc3 21.
Qe4 Qxa1+ 22. Kh2 Nxb4 0-1

[Event "AUTO-INT-3167"]
[Site "http://www.queenalice.com/game.php?id=1437900"]
[Date "2016.8.26"]
[Round "1"]
[White "Jucaballa"]
[Black "lanzafamefilippo83"]
[Result "1-0"]
[WhiteElo "1574"]
[BlackElo "1536"]

1. e4 e5 2. Nf3 d6 3. Bc4 Be7 4. d3 Nf6 5. Nc3 c6 6. Ng5 O-O 7. Bxf7+ Rxf7 8.
Nxf7 Kxf7 9. Qf3 Na6 10. h3 d5 11. O-O dxe4 12. Nxe4 Kg8 13. Re1 1-0

[Event "AUTO-INT-3167"]
[Site "http://www.queenalice.com/game.php?id=1437901"]
[Date "2016.8.26"]
[Round "1"]
[White "lanzafamefilippo83"]
[Black "Jucaballa"]
[Result "0-1"]
[WhiteElo "1520"]
[BlackElo "1588"]

1. e4 e5 2. d4 Bd6 3. dxe5 Bxe5 4. Nf3 Bd6 5. Nc3 f6 6. Bc4 c6 7. Qxd6 Qe7 8.
Qc7 Na6 9. Bxa6 bxa6 10. O-O Qd8 11. Qd6 Qe7 12. Qxe7+ Kxe7 13. e5 Bb7 0-1

[Event "AUTO-INT-3167"]
[Site "http://www.queenalice.com/game.php?id=1437910"]
[Date "2016.8.26"]
[Round "1"]
[White "daniel0176"]
[Black "lanzafamefilippo83"]
[Result "1-0"]
[WhiteElo "1686"]
[BlackElo "1493"]

1. e4 e5 2. Nf3 d6 3. h3 Nc6 4. c3 Bd7 5. Bc4 Na5 6. Bd3 Be7 7. O-O Nf6 8. b4
Nc6 9. Re1 d5 10. exd5 Nxd5 11. b5 Nb8 12. Rxe5 1-0

[Event "AUTO-INT-3167"]
[Site "http://www.queenalice.com/game.php?id=1437911"]
[Date "2016.8.26"]
[Round "1"]
[White "lanzafamefilippo83"]
[Black "daniel0176"]
[Result "0-1"]
[WhiteElo "1502"]
[BlackElo "1677"]

1. e4 e6 2. d4 b6 3. Nf3 h6 4. Bd2 Bb7 5. Nc3 Bb4 6. a3 Bxc3 7. Bxc3 Nc6 8. d5
exd5 9. exd5 Nf6 10. dxc6 Bxc6 11. Ne5 O-O 12. Nxc6 Re8+ 13. Ne5 d6 0-1

[Event "AUTO-INT-3169"]
[Site "http://www.queenalice.com/game.php?id=1439167"]
[Date "2016.9.2"]
[Round "1"]
[White "lanzafamefilippo83"]
[Black "Mapelli"]
[Result "0-1"]
[WhiteElo "1421"]
[BlackElo "1656"]

1. e4 b6 2. d4 Bb7 3. Nc3 g6 4. Nf3 Bg7 5. Bd3 a6 6. O-O h6 7. Be3 d6 8. Qe2 Nd7
9. a3 g5 10. h3 b5 11. b4 Ngf6 12. g4 O-O 13. e5 Nd5 14. Nxd5 Bxd5 0-1

[Event "AUTO-INT-3169"]
[Site "http://www.queenalice.com/game.php?id=1439168"]
[Date "2016.9.2"]
[Round "1"]
[White "Mapelli"]
[Black "lanzafamefilippo83"]
[Result "1-0"]
[WhiteElo "1663"]
[BlackElo "1414"]

1. b3 d5 2. Bb2 Nc6 3. g3 Nf6 4. Bg2 e5 5. h3 Bd6 6. a3 Be6 7. e3 O-O 8. Ne2 Ne7
9. b4 c6 10. g4 b5 11. Ng3 Qb6 12. Nc3 d4 13. Nce4 Nxe4 14. Nxe4 1-0

[Event "AUTO-INT-3169"]
[Site "http://www.queenalice.com/game.php?id=1439169"]
[Date "2016.9.2"]
[Round "1"]
[White "lanzafamefilippo83"]
[Black "Danado"]
[Result "0-1"]
[WhiteElo "1420"]
[BlackElo "1682"]

1. e4 e5 2. Nf3 d6 3. Nc3 Bg4 4. Be2 Bxf3 5. Bxf3 Nf6 6. d3 Nc6 7. O-O Nd4 8.
Bg5 Nxf3+ 9. Qxf3 h6 10. Bxf6 Qxf6 0-1

[Event "Let's Play Chess!"]
[Site "http://www.queenalice.com/game.php?id=1439311"]
[Date "2016.9.3"]
[Round "-"]
[White "charles31"]
[Black "lanzafamefilippo83"]
[Result "1-0"]
[WhiteElo "1793"]
[BlackElo "1388"]

1. d4 d5 2. Nc3 Nf6 3. h3 Nc6 4. Nf3 e6 5. Bg5 Be7 6. Bxf6 Bxf6 7. Qd3 Nb4 8.
Qd2 Nc6 9. a3 O-O 10. e4 dxe4 11. Nxe4 Nxd4 12. Bd3 Nxf3+ 13. gxf3 Bxb2 14. Ra2
Bxa3 15. Rxa3 Bd7 16. h4 f5 17. Nc5 1-0

[Event "Let's Play Chess!"]
[Site "http://www.queenalice.com/game.php?id=1439312"]
[Date "2016.9.3"]
[Round "-"]
[White "lanzafamefilippo83"]
[Black "charles31"]
[Result "0-1"]
[WhiteElo "1414"]
[BlackElo "1789"]

1. c4 e5 2. Nc3 Nc6 3. e4 Bc5 4. d3 Qf6 5. Qf3 Nd4 6. Qxf6 Nxf6 7. Kd2 d6 8. a3
a6 9. Kd1 Bd7 10. b4 Ba7 0-1

[Event "Challenge"]
[Site "http://www.queenalice.com/game.php?id=1439326"]
[Date "2016.9.3"]
[Round "-"]
[White "lanzafamefilippo83"]
[Black "robertson"]
[Result "0-1"]
[WhiteElo "1428"]
[BlackElo "1889"]

1. e4 e5 2. Nc3 c6 3. Nf3 Qf6 4. d3 h6 5. Be2 g5 6. b3 g4 7. Nd2 Bc5 8. O-O h5
9. g3 Bd4 10. Bb2 d6 0-1

[Event "Challenge"]
[Site "http://www.queenalice.com/game.php?id=1439620"]
[Date "2016.9.4"]
[Round "-"]
[White "Vin100"]
[Black "lanzafamefilippo83"]
[Result "1-0"]
[WhiteElo "1660"]
[BlackElo "1410"]

1. e4 e5 2. Nf3 Nc6 3. d3 Nf6 4. g3 d5 5. exd5 Nxd5 6. c4 Nf6 7. Nc3 Nd4 8. Nxe5
Qe7 9. f4 Nc6 10. d4 Nxe5 11. fxe5 Nd7 12. Qe2 1-0

[Event "Let's Play Chess!"]
[Site "http://www.queenalice.com/game.php?id=1440297"]
[Date "2016.9.8"]
[Round "-"]
[White "lanzafamefilippo83"]
[Black "Huevo"]
[Result "0-1"]
[WhiteElo "1404"]
[BlackElo "1812"]

1. c4 e5 2. Nc3 Nf6 3. e4 Bc5 4. d3 d6 5. Nf3 Nc6 6. g3 Bg4 7. Bg2 O-O 8. O-O h5
9. h3 Be6 10. Bg5 Ne7 11. Bxf6 gxf6 12. a3 Kh7 13. Rb1 Qd7 14. b4 Bb6 15. c5
dxc5 16. bxc5 Bxc5 17. Rxb7 Bb6 0-1

[Event "AUTO-OPEN-3704"]
[Site "http://www.queenalice.com/game.php?id=1441047"]
[Date "2016.9.13"]
[Round "1"]
[White "lanzafamefilippo83"]
[Black "italomachado"]
[Result "0-1"]
[WhiteElo "1440"]
[BlackElo "1556"]

1. e4 e5 2. Nf3 Qf6 3. Be2 g5 4. d3 Bc5 5. Bxg5 Qb6 6. O-O f6 7. Bxf6 Nxf6 8. b3
Ng4 9. d4 exd4 10. Bd3 Qh6 11. h3 Nf6 12. c3 d5 13. exd5 Rg8 14. cxd4 Qxh3 15.
Qe2+ Kf8 16. g3 Nh5 17. Nh4 Bxd4 18. d6 Rxg3+ 0-1

[Event "AUTO-OPEN-3704"]
[Site "http://www.queenalice.com/game.php?id=1441048"]
[Date "2016.9.13"]
[Round "1"]
[White "italomachado"]
[Black "lanzafamefilippo83"]
[Result "1-0"]
[WhiteElo "1571"]
[BlackElo "1431"]

1. e4 e5 2. Nc3 d6 3. Bc4 Nf6 4. h3 c6 5. Nf3 d5 6. exd5 cxd5 7. Bb5+ Bd7 8. O-O
Bxb5 9. d3 e4 10. dxe4 Bxf1 11. Qxf1 dxe4 12. Qe1 Be7 13. Bg5 exf3 14. Rd1 Qb6
15. b3 Nc6 16. Na4 Qc7 17. g3 O-O 18. Bf4 Qa5 19. Bd2 Qh5 20. h4 Rae8 21. Qf1
Rd8 22. Nc3 Nb4 23. Rc1 1-0

[Event "AUTO-OPEN-3704"]
[Site "http://www.queenalice.com/game.php?id=1441049"]
[Date "2016.9.13"]
[Round "1"]
[White "lanzafamefilippo83"]
[Black "bjonil60"]
[Result "0-1"]
[WhiteElo "1368"]
[BlackElo "1089"]

1. e4 Nc6 2. d4 a6 3. Nf3 e6 4. Bd2 Qe7 5. Bd3 b6 6. O-O a5 7. d5 Na7 8. dxe6
Qxe6 9. Nc3 c6 10. b3 b5 11. Nd4 Qe7 12. a3 f6 13. Nf5 Qd8 0-1

[Event "AUTO-OPEN-3704"]
[Site "http://www.queenalice.com/game.php?id=1441050"]
[Date "2016.9.13"]
[Round "1"]
[White "bjonil60"]
[Black "lanzafamefilippo83"]
[Result "1-0"]
[WhiteElo "1060"]
[BlackElo "1397"]

1. d4 d5 2. Nf3 Nc6 3. e3 Nf6 4. Qe2 e6 5. Nc3 Be7 6. g3 e5 7. Bg2 exd4 8. Nd1
dxe3 9. Qxe3 O-O 10. O-O Ng4 11. Qe2 Re8 12. h3 Nf6 13. c3 Bd6 14. g4 1-0